KOHA-Header-6

A Course in Generalized Phrase Structure Grammer (Record no. 8169)

000 -LEADER
fixed length control field 00279nam a2200109Ia 4500
100 ## - MAIN ENTRY--AUTHOR NAME
Personal name Paul Bennett
245 #2 - TITLE STATEMENT
Title A Course in Generalized Phrase Structure Grammer
260 ## - PUBLICATION, DISTRIBUTION, ETC. (IMPRINT)
Place of publication UK
Name of publisher McGraw Hill
Year of publication 1997
300 ## - PHYSICAL DESCRIPTION
Number of Pages 224
942 ## - ADDED ENTRY ELEMENTS (KOHA)
Koha item type Books
Holdings
Withdrawn status Lost status Collection code Permanent Location Current Location Shelving location Date acquired Full call number Accession Number Koha item type
    English Literature MAJU MAJU Shelf No.A14 2019-09-13 954.035 2708 English Literature

Powered by Koha